000 00381nam a2200145Ia 4500
008 230917s9999||||xx |||||||||||||| ||und||
040 _e136335
_aMAIN
041 _aEnglish
082 _a658.4 I C2 I
100 _aICFA Cener for management research
245 0 _aIntroduction to organizational behaviour
260 _aHyderabad
_bICFAI
_c2003
300 _a484 p.
942 _cBK
999 _c147866
_d147866